<?xml version="1.0" encoding="UTF-8"?>
<record
    xmlns:xsi="http://www.w3.org/2001/XMLSchema-instance"
    xsi:schemaLocation="http://www.loc.gov/MARC21/slim http://www.loc.gov/standards/marcxml/schema/MARC21slim.xsd"
    xmlns="http://www.loc.gov/MARC21/slim">

  <leader>00607nas a2200181 a 4500</leader>
  <controlfield tag="005">20111215160927.0</controlfield>
  <datafield tag="020" ind1=" " ind2=" ">
    <subfield code="a">9788186895894</subfield>
    <subfield code="c">135.00</subfield>
  </datafield>
  <datafield tag="037" ind1=" " ind2=" ">
    <subfield code="b">PUB</subfield>
  </datafield>
  <datafield tag="100" ind1=" " ind2=" ">
    <subfield code="a">Spagnoli, Cathy </subfield>
    <subfield code="9">36992</subfield>
  </datafield>
  <datafield tag="245" ind1=" " ind2=" ">
    <subfield code="a">It's only a story /</subfield>
    <subfield code="c">by Cathy Spagnoli; illustrated by Uma Krishnaswamy</subfield>
  </datafield>
  <datafield tag="260" ind1=" " ind2=" ">
    <subfield code="b">Tulika Publishers </subfield>
    <subfield code="c">2006</subfield>
    <subfield code="a">Chennai </subfield>
  </datafield>
  <datafield tag="270" ind1=" " ind2=" ">
    <subfield code="a">13, Prithvi Avenue, Abhiramapuram</subfield>
    <subfield code="b">Chennai</subfield>
    <subfield code="e">600018</subfield>
  </datafield>
  <datafield tag="300" ind1=" " ind2=" ">
    <subfield code="a">Unpaged </subfield>
    <subfield code="b">ill. </subfield>
    <subfield code="c">24cm(pbk) </subfield>
  </datafield>
  <datafield tag="700" ind1=" " ind2=" ">
    <subfield code="a">Krishnaswamy, Uma</subfield>
    <subfield code="9">36993</subfield>
  </datafield>
  <datafield tag="942" ind1=" " ind2=" ">
    <subfield code="2">ddc</subfield>
    <subfield code="c">CH</subfield>
    <subfield code="m">SPA</subfield>
  </datafield>
  <datafield tag="999" ind1=" " ind2=" ">
    <subfield code="c">59498</subfield>
    <subfield code="d">59498</subfield>
  </datafield>
  <datafield tag="952" ind1=" " ind2=" ">
    <subfield code="0">0</subfield>
    <subfield code="1">0</subfield>
    <subfield code="4">0</subfield>
    <subfield code="7">0</subfield>
    <subfield code="a">AG</subfield>
    <subfield code="b">AG</subfield>
    <subfield code="d">2011-12-15</subfield>
    <subfield code="g">135.00</subfield>
    <subfield code="l">0</subfield>
    <subfield code="o">SPA</subfield>
    <subfield code="r">2011-12-15 00:00:00</subfield>
    <subfield code="v">135.00</subfield>
    <subfield code="w">2011-12-15</subfield>
    <subfield code="y">CH</subfield>
  </datafield>
</record>
